[Event "TUR Cup"]
[Site "Denizli"]
[Date "2023.07.20"]
[Round "7"]
[White "Ekici, Caner"]
[Black "Selen, Dincer"]
[Result "0-1"]
[WhiteElo "1616"]
[BlackElo "2002"]
[PlyCount "70"]
[EventDate "2023.07.16"]
[EventType "team-tourn"]
[EventRounds "9"]
[EventCountry "TUR"]
[SourceTitle "CBM 215 Extra"]
[Source "ChessBase"]
[SourceDate "2023.09.30"]
[SourceVersion "1"]
[SourceVersionDate "2023.09.30"]
[SourceQuality "1"]

1. Nf3 d5 2. c4 c6 3. b3 Nf6 4. Bb2 Bf5 5. d4 e6 6. Nc3 Nbd7 7. e3 Bd6 8. Be2 Ne4 9. 0-0 Qf6 10. Nd2 Qh6 11. f4 Nxc3 12. Bxc3 g5 13. g3 Nf6 14. Qe1 Rg8 15. Kh1 gxf4 16. exf4 0-0-0 17. Qf2 Rg7 18. Rg1 Rdg8 19. Bf3 Qg6 20. c5 Bc7 21. b4 h5 22. h4 Bg4 23. Bxg4 Nxg4 24. Qe2 Nh6 25. Nf3 Qg4 26. Kh2 Nf5 27. Be1 Nxh4 28. Rf1 Bxf4 29. gxf4 Qxf4+ 30. Kh1 Nxf3 31. Qxf3 Rg1+ 32. Rxg1 Qxf3+ 33. Kh2 Qe2+ 34. Kh1 Qe4+ 35. Kh2 Rxg1 0-1

[Event "TUR Cup"]
[Site "Denizli"]
[Date "2023.07.17"]
[Round "3"]
[White "Koc, Serkan"]
[Black "Selen, Dincer"]
[Result "0-1"]
[WhiteElo "1541"]
[BlackElo "2002"]
[PlyCount "72"]
[EventDate "2023.07.16"]
[EventType "team-tourn"]
[EventRounds "9"]
[EventCountry "TUR"]
[SourceTitle "CBM 215 Extra"]
[Source "ChessBase"]
[SourceDate "2023.09.30"]
[SourceVersion "1"]
[SourceVersionDate "2023.09.30"]
[SourceQuality "1"]

1. e4 e6 2. Nf3 c5 3. d4 cxd4 4. Nxd4 Nc6 5. Be3 Nf6 6. Bd3 Qc7 7. 0-0 a6 8. Nc3 b5 9. a3 Bb7 10. Qe2 Be7 11. f4 d6 12. Rad1 Rc8 13. Bxb5 axb5 14. Ndxb5 Qb8 15. Nxd6+ Bxd6 16. Qd3 Be7 17. Bb6 0-0 18. h3 Ba8 19. Qe3 e5 20. Nd5 Nxd5 21. exd5 Na5 22. d6 exf4 23. Qd4 Bf6 24. Qb4 Qb7 25. Rf3 Nc6 26. Qb3 Ne5 27. Rf2 f3 28. Bd4 Qxb3 29. cxb3 fxg2 30. Bxe5 Bxe5 31. d7 Rcd8 32. Rc2 Bb8 33. Rc8 Ba7+ 34. Kh2 g1Q+ 35. Rxg1 Bxg1+ 36. Kxg1 Rxc8 0-1